MLB #1 Draft Picks of the 2000's - Statistics

General Stats
  • This quiz has been taken 157 times
  • The average score is 11 of 24
Answer Stats
Year Position Team Player % Correct
2023 RHP Pittsburgh Pirates Paul Skenes
93%
2010 OF Washington Nationals Bryce Harper
82%
2022 SS Baltimore Orioles Jackson Holliday
81%
2019 C Baltimore Orioles Adley Rutschman
74%
2012 SS Houston Astros Carlos Correa
70%
2020 3B Detroit Tigers Spencer Torkelson
65%
2021 C Pittsburgh Pirates Henry Davis
64%
2009 RHP Washington Nationals Stephen Strasburg
62%
2011 RHP Pittsburgh Pirates Gerrit Cole
57%
2001 C Minnesota Twins Joe Mauer
54%
2017 SS Minnesota Twins Royce Lewis
54%
2018 RHP Detroit Tigers Casey Mize
50%
2015 SS Arizona Diamondbacks Dansby Swanson
50%
2016 OF Philadelphia Phillies Mickey Moniak
42%
2007 LHP Tampa Bay Rays David Price
38%
2013 RHP Houston Astros Mark Appel
31%
2005 SS Arizona Diamondbacks Justin Upton
26%
2014 LHP Houston Astros Brady Aiken
23%
2006 RHP Kansas City Royals Luke Hochevar
16%
2008 SS Tampa Bay Rays Tim Beckham
16%
2000 1B Miami Marlins Adrián González
15%
2004 SS San Diego Padres Matt Bush
13%
2003 OF Tampa Bay Rays Delmon Young
12%
2002 RHP Pittsburgh Pirates Bryan Bullington
8%
No matching quizzes found
Score Distribution
Percent of People with Each Score
Percentile by Number Answered
Your Score History
You have not taken this quiz